Science Quiz

Random Science Quiz
Score 0/16 Timer 10:00
0 Plays Today
Hint Answer % Correct
An allele that is masked by another, different alleleRecessive
81.4%
The blueprint of life/ Double stranded molecule that makes up the genetic code of lifeDNA
74.4%
Cell division that results in two identical, haploid daughter cellsMitosis
72.1%
The expression of an allele pairing (ex. Blue eyes, Clubbed Feet, Doo doo head)phenotype
69.8%
A change in the genetic code of an individual: This change may be good, bad, or neutral.Mutation
69.8%
Cell division that results in gametes (4 Haploid, unidentical daughter cells)Meiosis
69.8%
The actual allele pairing (what genes are present, aa, Bb,Cc, AB)genotype
67.4%
Single Stranded molecule that DNA message is transcribed toRNA
67.4%
Hint Answer % Correct
A picture of an individuals chromosomesKaryotype
60.5%
The father of modern geneticsMendel
60.5%
The nucleotide base adenine (A) matches with which nucleotide base in DNA?Thymine
58.1%
The nucleotide base Guanine matches with which nucleotide base in DNA and RNA?Cytosine
58.1%
The nucleotide base adenine (A) matches with which nucleotide base in RNA?Uracil
53.5%
A gene relationship in which both alleles are fully shownCodominance
46.5%
A gene relationship in which neither allele is fully expressed (ex. Red and White genes make Pink flowers)Incomplete Dominance
44.2%
The process of genes swapping places on homologous chromosomes Crossing over
41.9%
Remove Ads.
Support Sporcle.
Get the best of Sporcle when you Go Orange. This ad-free experience offers more features, more stats, and more fun while also helping to support Sporcle. Thank you for becoming a member.

You're not logged in!

Compare scores with friends on all Sporcle quizzes.
OR
Log In

Show Comments

Extras

Created Jan 7, 2015ReportNominate
Tags:genetic, Term

Top Quizzes Today


Score Distribution

Your Account Isn't Verified!

In order to create a playlist on Sporcle, you need to verify the email address you used during registration. Go to your Sporcle Settings to finish the process.

Report this User

Report this user for behavior that violates our Community Guidelines.

Details: